Key Peptides and Proteins in Alzheimer’s Disease

Elmentve itt :
Bibliográfiai részletek
Szerzők: Penke Botond
Bogár Ferenc
Paragi Gábor
Gera János
Fülöp Lívia
Dokumentumtípus: Cikk
Megjelent: 2019
Sorozat:CURRENT PROTEIN AND PEPTIDE SCIENCE 20 No. 6
doi:10.2174/1389203720666190103123434

mtmt:30683241
Online Access:http://publicatio.bibl.u-szeged.hu/17133
LEADER 00817nab a2200241 i 4500
001 publ17133
005 20191016105258.0
008 191016s2019 hu o 0|| zxx d
022 |a 1389-2037 
024 7 |a 10.2174/1389203720666190103123434  |2 doi 
024 7 |a 30683241  |2 mtmt 
040 |a SZTE Publicatio Repozitórium  |b hun 
041 |a zxx 
100 1 |a Penke Botond 
245 1 0 |a Key Peptides and Proteins in Alzheimer’s Disease  |h [elektronikus dokumentum] /  |c  Penke Botond 
260 |c 2019 
300 |a 577-599 
490 0 |a CURRENT PROTEIN AND PEPTIDE SCIENCE  |v 20 No. 6 
700 0 1 |a Bogár Ferenc  |e aut 
700 0 1 |a Paragi Gábor  |e aut 
700 0 1 |a Gera János  |e aut 
700 0 1 |a Fülöp Lívia  |e aut 
856 4 0 |u http://publicatio.bibl.u-szeged.hu/17133/1/08-CPPSBotondPenke-MS_23.04.2019.pdf  |z Dokumentum-elérés